Normal view
MARC view
- المديني ، توفيق وآخرون ، تحرير بلقزيز ،عبدالإله
Entry Personal Name
001 - CONTROL NUMBER
- control field: 49828
003 - CONTROL NUMBER IDENTIFIER
- control field: JO-AjAnu
005 - DATE AND TIME OF LATEST TRANSACTION
- control field: 20230606082216.0
008 - FIXED-LENGTH DATA ELEMENTS
- fixed length control field: 230606|| aca||aabn | a|a d
040 ## - CATALOGING SOURCE
- Original cataloging agency: JO-AjAnu
- Transcribing agency: JO-AjAnu
100 ## - HEADING--PERSONAL NAME
- Personal name: المديني ، توفيق وآخرون ، تحرير بلقزيز ،عبدالإله
670 ## - SOURCE DATA FOUND
- Source citation: Work cat.: (JO-AjAnu)25479: المديني ، توفيق وآخرون ، تحرير بلقزيز ،عبدالإله, author, الربيع العربي .. إلى أين ؟ : أفق جديد للتغيير الديمقراطي